| 000 | 00544nam a2200193Ia 4500 | ||
|---|---|---|---|
| 005 | 20260429111905.0 | ||
| 008 | 260429s9999||||xx |||||||||||||| ||und|| | ||
| 020 | _a9781259255724 | ||
| 041 | _aEnglish | ||
| 082 |
_a363.7 _bCUN |
||
| 100 | _aCunningham, William | ||
| 245 | 0 |
_aEnvironmental science : _ba global concern / _cWilliam Cunningham |
|
| 250 | _a13th ed. | ||
| 260 |
_aUnited States : _bMcGraw Hill, _c2015. |
||
| 300 | _axxvi, 614 p.; pbk | ||
| 650 | _aEnvironmental science | ||
| 700 | _a Cunningham, Mary Ann | ||
| 942 | _cTB | ||
| 999 |
_c51297 _d51297 |
||